| 000 -ლიდერი |
| ფიქსირებული სიგრძის საკონტროლო ველი |
01872nam a2200325Ia 4500 |
| 001 - საკონტროლო ნომერი |
| საკონტროლო ველი |
14018 |
| 003 - საკონტროლო ნომრის იდენტიფიკატორი |
| საკონტროლო ველი |
GE_BSU |
| 005 - ბოლო ოპერაციის თარიღი და დრო |
| საკონტროლო ველი |
20241028165557.0 |
| 008 - ფიქსირებული სიგრძის მონაცემთა ელემენტები - ზოგადი ინფორმაცია |
| ფიქსირებული სიგრძის საკონტროლო ველი |
181216s1985||||ge |||||||||||||| ||geo|| |
| 040 ## - კატალოგიზაციის წყარო |
| Transcribing agency |
GE_BSU |
| 041 ## - ენის კოდი |
| Language code of text/sound track or separate title |
geo |
| 080 ## - უნივერსალური ათობითი კლასიფიკაციის ინდექსი |
| Universal Decimal Classification number |
821.353.1-1+821.353.1-11 ჭ-15 |
| 100 ## - მთავარი ჩანაწერი - პიროვნების სახელი |
| Personal name |
ჭავჭავაძე, ილია |
| 9 (RLIN) |
23530 |
| 245 ## - ცნობა სათაურის შესახებ |
| Title |
რჩეული ნაწარმოებები 5 ტომად : |
| Remainder of title |
ტ.1. ლექსები. პოემები. თარგმნილი ლექსები და პოემები. სცენები. პიესა / |
| Statement of responsibility, etc |
სარედ. კოლეგია : გ. გვერდწითელი, ნ. დუმბაძე, რ. ინანიშვილი და სხვ. ; ტომი შეადგ. და შენიშვნ. დაურთეს ს. ცაიშვილმა და გ. გვერდწითელმა. |
| 264 ## - წარმოების, გამოცემის, დისტრიბუციის და სხვა ცნობები |
| გამოცემის, წარმოების, დისტრიბუციის... ადგილი |
თბილისი : |
| გამოცემის, წარმოების, დისტრიბუციის... სახელწოდება |
საბჭოთა საქართველო, |
| გამოცემის, წარმოების, დისტრიბუციის... თარიღი |
1985. |
| 300 ## - ფიზიკური აღწერა |
| Extent |
366 გვ. ; |
| Dimensions |
21 სმ. |
| 653 ## - INDEX TERM--UNCONTROLLED |
| Uncontrolled term |
რჩეული ნაწარმოებები 5 ტომად. ტ.1 |
| 653 ## - INDEX TERM--UNCONTROLLED |
| Uncontrolled term |
ლექსები |
| 653 ## - INDEX TERM--UNCONTROLLED |
| Uncontrolled term |
პოემები |
| 653 ## - INDEX TERM--UNCONTROLLED |
| Uncontrolled term |
თარგმნილი ლექსები და პოემები |
| 653 ## - INDEX TERM--UNCONTROLLED |
| Uncontrolled term |
სცენები |
| 653 ## - INDEX TERM--UNCONTROLLED |
| Uncontrolled term |
პიესა |
| 700 ## - ADDED ENTRY--PERSONAL NAME |
| Personal name |
გვერდწითელი, გ. |
| Relator term |
რედაქტორი |
| 9 (RLIN) |
23531 |
| 700 ## - ADDED ENTRY--PERSONAL NAME |
| Personal name |
დუმბაძე, ნ. |
| Relator term |
რედაქტორი |
| 9 (RLIN) |
5919 |
| 700 ## - ADDED ENTRY--PERSONAL NAME |
| Personal name |
ინანიშვილი, რ. |
| 9 (RLIN) |
19469 |
| 700 ## - ADDED ENTRY--PERSONAL NAME |
| Personal name |
ცაიშვილი, ს. |
| Relator term |
შემდგენელი |
| 9 (RLIN) |
5572 |
| 700 ## - ADDED ENTRY--PERSONAL NAME |
| Personal name |
გვერდწითელი, გ. |
| Relator term |
შემდგენელი |
| 9 (RLIN) |
23532 |
| 942 ## - ADDED ENTRY ELEMENTS (KOHA) |
| Koha item type |
წიგნი |
| Source of classification or shelving scheme |
|